| 000 | 00786nam a22001937a 4500 | ||
|---|---|---|---|
| 005 | 20231117142130.0 | ||
| 010 | _aHIN-126314 | ||
| 020 |
_a9789383894116 _c400.00 |
||
| 035 | _aHN-98660 | ||
| 037 | _bDBAD/PUB | ||
| 082 | _a820.08 | ||
| 100 |
_aतिवारी,अनुपमा _958833 |
||
| 245 |
_aहिंदी साहित्य : समकालीन संदर्भ/ _cअनुपमा तिवारी |
||
| 260 |
_aनई दिल्ली _bहिंदी बुक सेंटर _c 2021 |
||
| 270 |
_a4/5-बी आसफ अली रोड _bनई दिल्ली _e110002 |
||
| 300 |
_a188 पृष्ट _c23cm (सजिल्द) |
||
| 760 | _bप्रथम | ||
| 942 |
_cHN _h820.08 _2ddc _mतिवारी |
||
| 999 |
_c199079 _d199079 |
||